| 000 | 00644nam a2200217Ia 4500 | ||
|---|---|---|---|
| 005 | 20230707131935.0 | ||
| 008 | 131103s9999 xx 000 0 und d | ||
| 020 |
_a1862272239 _cRs 1187 |
||
| 040 | _aLoreto College | ||
| 041 | _aEnglish | ||
| 082 |
_a944.05 _bWEI |
||
| 100 | _aWeider, Ben | ||
| 245 |
_aNapolean _b The man who shaped Europe _cBy Ben Weider with Emile Gueguen. Translated by Phyllis Aronoff and Howard Scott |
||
| 260 |
_aStaplehurst, Kent _bSpellmount _c2000 |
||
| 300 |
_axviii,220p _b plates |
||
| 650 | _aNapoleon | ||
| 651 | _aFrance-History | ||
| 700 | _aAronoff, Phyllis, tr | ||
| 850 | _aLCLIB | ||
| 942 | _cBK | ||
| 999 |
_c28024 _d78503 |
||